| 000 | 01190nam a2200241Ia 4500 | ||
|---|---|---|---|
| 003 | Ost | ||
| 005 | 20260507075719.0 | ||
| 008 | 260507s9999||||xx |||||||||||||| ||und|| | ||
| 020 | _a9789931248408 | ||
| 040 | _cfsecg | ||
| 041 | _aara | ||
| 082 | _a657.45 | ||
| 100 |
_aمبسوط، هوارية _eمؤلف |
||
| 245 | 0 |
_aأساسيات تدقيق نظم المعلومات في المؤسسة / _c هوارية مبسوط |
|
| 260 |
_aالجزائر: _bدار الباحث للنشر والإشهار, _c2023 |
||
| 300 |
_a161 صفحة؛ _bإيضاحات ؛ _c24 سم |
||
| 504 | _aمراجع ص.161 | ||
| 520 | _aنظم وتكنولوجيا المعلومات، تدقيق نظم المعلومات وعلاقته بالتدقيق الالكترونيمنها تدقيق نظم المعلومات، والمحاسبة الالكترونية، كذلك الفرق والعلاقة مابين التدقيق الالكترونيوتدقيق نظم المعلومات.وأخيرا التدقيق في ظل التجارة الالكترونية. | ||
| 653 | _aالتدقيق | ||
| 653 | _aمراجعة الحسابات | ||
| 653 | _aنظم المعلومات | ||
| 942 | _cكتاب | ||
| 999 |
_c45932 _d45932 |
||